Normal view
MARC view
- Calvo, Tomasa,
Entry Personal Name
001 - CONTROL NUMBER
- control field: 81643
003 - CONTROL NUMBER IDENTIFIER
- control field: NUST
005 - DATE AND TIME OF LATEST TRANSACTION
- control field: 20210823153029.0
008 - FIXED-LENGTH DATA ELEMENTS
- fixed length control field: 210823|| aca||aabn | a|a d
040 ## - CATALOGING SOURCE
- Original cataloging agency: NUST
- Transcribing agency: NUST
100 ## - HEADING--PERSONAL NAME
- Personal name: Calvo, Tomasa,
- Dates associated with a name: 1954-
670 ## - SOURCE DATA FOUND
- Source citation: Work cat.: (NUST)31858: Beliakov, Gleb. 81639, Aggregation Functions, c2007.
